[Event "Challenge"]
[Site "http://www.queenalice.com/game.php?id=146281"]
[Date "2006.12.25"]
[Round "-"]
[White "Shropshire"]
[Black "kungfugod"]
[Result "1-0"]
[WhiteElo "2128"]
[BlackElo "1300"]

1. e4 e5 2. Nf3 Nc6 3. Bb5 a6 4. Ba4 g6 5. d4 Bg7 6. dxe5 Nxe5 7. Nc3 Nxf3+ 8.
Qxf3 Qf6 9. Bf4 c6 10. e5 Qf5 11. Qe3 Ne7 12. O-O-O 1-0

[Event "Let's Play Chess!"]
[Site "http://www.queenalice.com/game.php?id=146414"]
[Date "2006.12.26"]
[Round "-"]
[White "Nostradamus"]
[Black "Shropshire"]
[Result "0-1"]
[WhiteElo "1874"]
[BlackElo "1788"]

1. d4 Nf6 2. c4 e6 3. Nf3 c5 4. d5 exd5 5. cxd5 d6 6. Nc3 g6 7. e4 Bg7 8. h3 O-O
9. Bd3 b5 10. Nxb5 Re8 11. Nc3 Nxe4 12. Ne2 Qa5+ 13. Nd2 Bf5 14. Bxe4 Bxe4 15.
O-O Bxd5 16. Nf4 Bc6 17. Nc4 Qa6 18. Ne3 Nd7 19. Nfd5 Qb7 20. Rb1 Nb6 21. Nxb6
axb6 22. a3 d5 23. f3 Re6 24. Re1 Rae8 25. Bd2 Bd4 26. Kf2 Qe7 0-1

[Event "Let's Play Chess!"]
[Site "http://www.queenalice.com/game.php?id=147596"]
[Date "2006.12.29"]
[Round "-"]
[White "CampbellMarcel"]
[Black "Shropshire"]
[Result "0-1"]
[WhiteElo "1727"]
[BlackElo "1950"]

1. e4 e5 2. Nf3 Nc6 3. Bc4 Nf6 4. Ng5 d5 5. exd5 Nd4 6. d6 Qxd6 7. Nxf7 Qc6 8.
Nxh8 Qxg2 9. Bf7+ Kd8 10. Rf1 Qe4+ 0-1

[Event "Challenge"]
[Site "http://www.queenalice.com/game.php?id=147798"]
[Date "2006.12.29"]
[Round "-"]
[White "Shropshire"]
[Black "technicaldraw"]
[Result "1-0"]
[WhiteElo "1985"]
[BlackElo "1100"]

1. f4 d5 2. Nf3 g6 3. e4 dxe4 4. Ng5 Bh6 5. Bc4 Bxg5 6. fxg5 Qd4 7. Na3 c6 8. c3
Qd6 9. O-O Be6 10. Qb3 Qc5+ 11. Kh1 Bxc4 12. Qxb7 Qb6 13. Qc8+ Qd8 14. Qxd8+
Kxd8 15. Nxc4 Nd7 16. Rxf7 h6 17. b3 Ke8 18. Rg7 hxg5 19. Rxg6 Ngf6 20. Rxg5 Kf7
21. Ba3 Rag8 22. Rxg8 Rxg8 23. Na5 c5 24. Rf1 Ke6 25. Nb7 1-0

[Event "Let's Play Chess!"]
[Site "http://www.queenalice.com/game.php?id=148148"]
[Date "2006.12.30"]
[Round "-"]
[White "Shropshire"]
[Black "Harir"]
[Result "1-0"]
[WhiteElo "2037"]
[BlackElo "2091"]

1. e4 e5 2. Nf3 Nc6 3. Bb5 Nf6 4. O-O Nxe4 5. d4 Nd6 6. dxe5 Nxb5 7. a4 d6 8. e6
fxe6 9. axb5 Ne7 10. Ng5 e5 11. f4 Bf5 12. Nc3 h6 13. Nge4 b6 14. fxe5 dxe5 15.
Qf3 Qc8 16. Be3 Qb8 17. Nd5 Nxd5 18. Qxf5 Nxe3 19. Qxe5+ Kd7 20. Rf7+ Kc8 21.
Re1 Bb4 22. Rxe3 Rd8 23. Qe6+ Kb7 24. Rc3 Be7 25. Qxe7 Rd1+ 26. Kf2 Qd8 27.
Rxc7+ Kb8 28. Rb7+ Kc8 29. Qxd8+ Kxd8 30. Rf8# 1-0

[Event "Let's Play Chess!"]
[Site "http://www.queenalice.com/game.php?id=148392"]
[Date "2007.1.1"]
[Round "-"]
[White "blikinn"]
[Black "Shropshire"]
[Result "0-1"]
[WhiteElo "1949"]
[BlackElo "1985"]

1. e4 e5 2. Nf3 Nc6 3. Bc4 Nf6 4. d3 Bc5 5. Bg5 h6 6. Bh4 g5 7. Bg3 d6 8. h3 Nh5
9. Bh2 Na5 10. Nxe5 dxe5 11. Qxh5 Nxc4 12. dxc4 Qf6 13. O-O Be6 14. Qe2 g4 15.
Rd1 gxh3 16. g3 Bg4 0-1

[Event "Let's Play Chess!"]
[Site "http://www.queenalice.com/game.php?id=150138"]
[Date "2007.1.5"]
[Round "-"]
[White "Shropshire"]
[Black "ender"]
[Result "0-1"]
[WhiteElo "2071"]
[BlackElo "2005"]

1. e4 d5 2. exd5 Qxd5 3. Nf3 Bg4 4. Be2 Nc6 5. d4 e6 6. O-O Nf6 7. c4 Qd8 8. Be3
Be7 9. Nc3 O-O 10. h3 Bh5 11. a3 a6 12. b4 Bg6 13. d5 exd5 14. cxd5 Nb8 15. Bc4
Ne4 16. Nxe4 Bxe4 17. Re1 Re8 18. Rc1 Bxf3 19. Qxf3 Bd6 20. Qg4 Nd7 21. Bh6 g6
22. h4 f5 0-1

[Event "Rematch!"]
[Site "http://www.queenalice.com/game.php?id=155522"]
[Date "2007.1.18"]
[Round "-"]
[White "Harir"]
[Black "Shropshire"]
[Result "1-0"]
[WhiteElo "2097"]
[BlackElo "2095"]

1. e4 e5 2. Nf3 Nc6 3. Bc4 Nf6 4. Nc3 Bc5 5. O-O d6 6. d3 Bg4 7. Be3 Bb6 8. Bxb6
axb6 9. h3 Bxf3 10. Qxf3 Nd4 11. Qd1 O-O 12. Ne2 b5 13. Nxd4 bxc4 14. Nf5 cxd3
15. Qxd3 Qd7 16. Qg3 g6 17. Qg5 Nxe4 18. Nh6+ Kg7 19. Qe3 f5 20. Rfe1 Qb5 21. f3
Nc5 22. Qc1 Ne6 23. h4 Nf4 24. Kh1 Kxh6 25. g3 Ra4 26. b3 Rd4 27. c3 1-0

[Event "Challenge"]
[Site "http://www.queenalice.com/game.php?id=164449"]
[Date "2007.2.6"]
[Round "-"]
[White "technicaldraw"]
[Black "Shropshire"]
[Result "0-1"]
[WhiteElo "2035"]
[BlackElo "2094"]

1. e4 e5 2. Nf3 Nc6 3. Bb5 a6 4. Ba4 d6 5. d4 b5 6. Bb3 Nxd4 7. Nxd4 exd4 8. c3
dxc3 9. Nxc3 Nf6 10. e5 dxe5 11. Bxf7+ Ke7 12. Qxd8+ Kxd8 13. Bg5 h6 14. Bxf6+
gxf6 15. Bd5 Rb8 16. O-O-O Bd6 17. Ne4 f5 18. Nxd6 cxd6 19. f3 Ke7 20. Rhe1 Be6
21. f4 Bxd5 22. Rxd5 Ke6 23. Red1 Rb6 0-1

[Event "Chess Attack!"]
[Site "http://www.queenalice.com/game.php?id=166855"]
[Date "2007.2.11"]
[Round "-"]
[White "Pretender"]
[Black "Shropshire"]
[Result "0-1"]
[WhiteElo "2075"]
[BlackElo "2128"]

1. c4 e5 2. g3 f5 3. Bg2 Nf6 4. d4 Nc6 5. dxe5 Nxe5 6. Qd4 Nc6 7. Qe3+ Be7 8.
Nc3 O-O 9. Nh3 Nb4 10. Qd2 d6 11. Nf4 c6 12. O-O Na6 13. b3 Ng4 14. Bb2 Nc7 15.
Rad1 Qe8 16. h3 Ne5 17. Ba3 Rf6 0-1

[Event "Challenge"]
[Site "http://www.queenalice.com/game.php?id=173234"]
[Date "2007.2.24"]
[Round "-"]
[White "Shropshire"]
[Black "Germano"]
[Result "0-1"]
[WhiteElo "2107"]
[BlackElo "2303"]

1. c4 Nf6 2. Nc3 c5 3. Nf3 b6 4. e4 d6 5. d4 cxd4 6. Nxd4 Bb7 7. f3 Nc6 8. Be3
g6 9. Be2 Bg7 10. Rc1 Qd7 11. O-O O-O 12. Ndb5 Rfd8 13. a3 e6 14. Re1 Qe7 15.
Qd2 Ne5 16. b4 Ne8 0-1

[Event "Challenge"]
[Site "http://www.queenalice.com/game.php?id=176467"]
[Date "2007.3.3"]
[Round "-"]
[White "Shropshire"]
[Black "mgv"]
[Result "0-1"]
[WhiteElo "2157"]
[BlackElo "2081"]

1. e4 e6 2. d4 d5 3. Nc3 Nf6 4. e5 Nfd7 5. f4 a6 6. Nf3 c5 7. Ne2 Nc6 8. c3 b5
9. Be3 Qb6 10. dxc5 Bxc5 11. Ned4 Bb7 12. Bd3 O-O 13. b4 Bxd4 14. Bxd4 Nxd4 0-1

[Event "Challenge"]
[Site "http://www.queenalice.com/game.php?id=231323"]
[Date "2007.6.27"]
[Round "-"]
[White "sateyea"]
[Black "Shropshire"]
[Result "1-0"]
[WhiteElo "2068"]
[BlackElo "1994"]

1. e4 c5 2. Nf3 Nc6 3. c3 Nf6 4. Bd3 d6 5. h3 d5 6. e5 Nd7 7. Qe2 Qc7 8. e6 fxe6
9. Qxe6 Nf6 10. Qe2 e5 11. Bc2 Be7 12. d3 1-0

[Event "Challenge"]
[Site "http://www.queenalice.com/game.php?id=231397"]
[Date "2007.6.27"]
[Round "-"]
[White "toldowisk"]
[Black "Shropshire"]
[Result "1-0"]
[WhiteElo "2009"]
[BlackElo "2045"]

1. d4 Nf6 2. Nf3 e6 3. Bg5 c5 4. e4 Qb6 5. Bxf6 gxf6 6. b3 cxd4 7. Qxd4 Qxd4 8.
Nxd4 Nc6 9. Nxc6 dxc6 10. Nd2 e5 11. Be2 Rg8 12. g3 Bh3 13. Bf1 Bxf1 14. Nxf1
O-O-O 15. Ne3 Bb4+ 16. Kf1 1-0

[Event "Let's Play Chess!"]
[Site "http://www.queenalice.com/game.php?id=276033"]
[Date "2007.9.23"]
[Round "-"]
[White "mateus_amorim"]
[Black "Shropshire"]
[Result "0-1"]
[WhiteElo "1668"]
[BlackElo "1978"]

1. d4 Nf6 2. Nf3 e6 3. c4 c5 4. Nc3 cxd4 5. Nxd4 a6 6. g3 Qc7 7. b3 Nc6 8. Bg2
Bc5 9. Nf3 h5 10. h4 Ng4 11. e3 b5 12. cxb5 axb5 13. Nxb5 Qa5+ 14. Nd2 Qxb5 15.
a4 Qd3 16. Be4 Qd6 17. Qf3 Nd4 18. exd4 Qxd4 19. Ra2 Ba6 20. Bxa8 Qxf2+ 21. Qxf2
Bxf2+ 22. Kd1 Ne3# 0-1